000 00528cam a2200205ua 4500
001 2984
005 20260515113621.0
008 110921n ii |||gr||||Z||||||asm
040 _cMAIN
082 _a920
100 1 _aNandakumar, Prem,
_eAuthor.
245 1 1 _aSubramania Bharati
_cby Prem Nandakumar
250 _a1st.
260 _aNew Delhi:
_bNational book trust,990.
300 _a109p:
_c23cm.
653 _aBiography
653 _aBiography of Subramania Bharati
700 1 _aMahanta, Keshaba,
_eEditor.
942 _cBK
999 _c2830
_d2830